[Event "RN-2017-0-01254"]
[Site "LSS email"]
[Date "2017.02.09"]
[Round "?"]
[White "Cherry, Brian"]
[Black "Hinestroza, Douglas"]
[Result "1-0"]
[WhiteElo "429"]
[BlackElo "764"]
[PlyCount "25"]
[EventDate "2017.01.26"]
[EventType "tourn (corr)"]
[EventRounds "6"]
[EventCountry "GER"]
[SourceTitle "Corr 2022"]
[Source "ChessBase"]
[SourceDate "2021.10.24"]
[SourceVersion "1"]
[SourceVersionDate "2021.10.24"]
[SourceQuality "1"]

1. e4 e6 2. d4 d5 3. Nc3 dxe4 4. Nxe4 Nd7 5. Bb5 c6 6. Ba4 Be7 7. f3 Ngf6 8. c3 0-0 9. Qd3 Qc7 10. Bc2 Re8 11. Bg5 g6 12. 0-0-0 Qd8 13. h4 1-0

[Event "RN-2017-0-01254"]
[Site "LSS email"]
[Date "2017.02.09"]
[Round "?"]
[White "Stehling, Eva"]
[Black "Hinestroza, Douglas"]
[Result "1-0"]
[WhiteElo "915"]
[BlackElo "764"]
[PlyCount "39"]
[EventDate "2017.01.26"]
[EventType "tourn (corr)"]
[EventRounds "6"]
[EventCountry "GER"]
[SourceTitle "Corr 2022"]
[Source "ChessBase"]
[SourceDate "2021.10.24"]
[SourceVersion "1"]
[SourceVersionDate "2021.10.24"]
[SourceQuality "1"]

1. d4 d5 2. c4 c6 3. cxd5 cxd5 4. Nc3 Nf6 5. Nf3 e6 6. Bg5 Be7 7. e3 0-0 8. Bd3 Nbd7 9. 0-0 a6 10. Rc1 b5 11. a3 Bb7 12. Na2 Rc8 13. Qd2 h6 14. Bxf6 Nxf6 15. Rc3 Qd7 16. Rfc1 Rxc3 17. Rxc3 Rc8 18. Ne5 Qd8 19. h3 Bd6 20. Nf3 1-0

[Event "RN-2017-0-01240"]
[Site "LSS email"]
[Date "2017.01.01"]
[Round "?"]
[White "Neuhausen, Rainer"]
[Black "Hinestroza, Douglas"]
[Result "1-0"]
[WhiteElo "971"]
[BlackElo "796"]
[PlyCount "61"]
[EventDate "2016.12.22"]
[EventType "tourn (corr)"]
[EventRounds "6"]
[EventCountry "GER"]
[SourceTitle "Corr 2022"]
[Source "ChessBase"]
[SourceDate "2021.10.24"]
[SourceVersion "1"]
[SourceVersionDate "2021.10.24"]
[SourceQuality "1"]

1. d4 d5 2. Nf3 Nf6 3. c4 c6 4. e3 e6 5. Nc3 Be7 6. Bd3 0-0 7. 0-0 Nbd7 8. Bd2 b6 9. Rc1 Bb7 10. Re1 Qc7 11. cxd5 exd5 12. Qc2 Rac8 13. Ng5 h6 14. Nf3 Qd8 15. e4 dxe4 16. Nxe4 Nxe4 17. Bxe4 Nf6 18. Bf5 Rc7 19. Bf4 Bd6 20. Be5 Bxe5 21. dxe5 Nd5 22. e6 fxe6 23. Bxe6+ Kh8 24. Red1 Qf6 25. Bxd5 c5 26. Bxb7 Rxb7 27. Qe4 Rbf7 28. Qc2 Qf4 29. Qc4 Qf6 30. Qc3 Qg6 31. Ne5 1-0

[Event "RN-2016-0-01240"]
[Site "LSS email"]
[Date "2016.12.31"]
[Round "?"]
[White "Bester, Kazimierz"]
[Black "Hinestroza, Douglas"]
[Result "1/2-1/2"]
[WhiteElo "720"]
[BlackElo "796"]
[PlyCount "49"]
[EventDate "2016.12.22"]
[EventType "tourn (corr)"]
[EventRounds "6"]
[EventCountry "GER"]
[SourceTitle "Corr 2022"]
[Source "ChessBase"]
[SourceDate "2021.10.24"]
[SourceVersion "1"]
[SourceVersionDate "2021.10.24"]
[SourceQuality "1"]

1. d4 d5 2. Nf3 Nf6 3. Nbd2 e6 4. Ne5 Be7 5. e3 Nbd7 6. Bb5 0-0 7. 0-0 Nxe5 8. dxe5 Nd7 9. f4 c5 10. Be2 Re8 11. Nf3 Nf8 12. c3 Bd7 13. a4 a6 14. Bd2 Rc8 15. Be1 Qb6 16. b3 Qd8 17. Bg3 Bc6 18. Qe1 Ng6 19. Rd1 Qb6 20. Rb1 h6 21. Bf2 Qd8 22. Rd1 Qb6 23. Rb1 Qd8 24. Rd1 Qb6 25. Rb1 1/2-1/2

[Event "RN-2016-0-01221"]
[Site "LSS email"]
[Date "2016.11.25"]
[Round "?"]
[White "Hinestroza, Douglas"]
[Black "Krivosheya, Dmitrij"]
[Result "1-0"]
[WhiteElo "843"]
[BlackElo "500"]
[PlyCount "41"]
[EventDate "2016.11.17"]
[EventType "tourn (corr)"]
[EventRounds "6"]
[EventCountry "GER"]
[SourceTitle "Corr 2022"]
[Source "ChessBase"]
[SourceDate "2021.10.24"]
[SourceVersion "1"]
[SourceVersionDate "2021.10.24"]
[SourceQuality "1"]

1. e4 e5 2. Nf3 d6 3. d4 f6 4. dxe5 dxe5 5. Bc4 Bb4+ 6. Bd2 Bxd2+ 7. Nbxd2 a6 8. 0-0 Bg4 9. Qe2 Nc6 10. a3 Nd4 11. Qd3 b5 12. Ba2 c5 13. Nxd4 cxd4 14. Bd5 Ne7 15. Bxa8 Qxa8 16. Qb3 Ng6 17. c4 Be2 18. Rfe1 d3 19. cxb5 Nf4 20. bxa6 Qxa6 21. Qb8+ 1-0

[Event "RN-2016-0-01221"]
[Site "LSS email"]
[Date "2016.11.25"]
[Round "?"]
[White "Hinestroza, Douglas"]
[Black "Venturas, Bob"]
[Result "0-1"]
[WhiteElo "843"]
[BlackElo "558"]
[PlyCount "40"]
[EventDate "2016.11.17"]
[EventType "tourn (corr)"]
[EventRounds "6"]
[EventCountry "GER"]
[SourceTitle "Corr 2022"]
[Source "ChessBase"]
[SourceDate "2021.10.24"]
[SourceVersion "1"]
[SourceVersionDate "2021.10.24"]
[SourceQuality "1"]

1. e4 e5 2. Nf3 d6 3. d4 exd4 4. c3 dxc3 5. Nxc3 a6 6. Bf4 h6 7. Bc4 Nf6 8. 0-0 Bg4 9. Be2 Be7 10. h3 Bh5 11. Bd3 0-0 12. Bc2 Qd7 13. Re1 Nc6 14. Qd3 Bg6 15. Nh4 Rae8 16. Nxg6 fxg6 17. Nd5 Ne5 18. Nxf6+ Bxf6 19. Bb3+ Kh8 20. Rac1 Nxd3 0-1

[Event "RN-2016-0-01212"]
[Site "LSS email"]
[Date "2016.11.09"]
[Round "?"]
[White "Hughes, Peter James"]
[Black "Hinestroza, Douglas"]
[Result "1-0"]
[WhiteElo "616"]
[BlackElo "853"]
[PlyCount "75"]
[EventDate "2016.10.31"]
[EventType "tourn (corr)"]
[EventRounds "6"]
[EventCountry "GER"]
[SourceTitle "Corr 2022"]
[Source "ChessBase"]
[SourceDate "2021.10.24"]
[SourceVersion "1"]
[SourceVersionDate "2021.10.24"]
[SourceQuality "1"]

1. d4 d5 2. c4 c6 3. Nc3 Nf6 4. Bg5 e6 5. c5 Be7 6. Nf3 Nbd7 7. e3 0-0 8. Bd3 b6 9. b4 a5 10. Bxf6 Nxf6 11. 0-0 axb4 12. Ne2 bxc5 13. Ne5 Bb7 14. Ng3 cxd4 15. exd4 Ba6 16. Nxc6 Qc7 17. Rc1 Bxd3 18. Qxd3 Qb7 19. Nxe7+ Qxe7 20. Rc2 h6 21. Re1 Qb7 22. f4 Ra3 23. Qd2 Rfa8 24. f5 exf5 25. Nxf5 Ne4 26. Qf4 Rxa2 27. Rc7 Qb6 28. Re7 R2a7 29. Qe5 Nf6 30. g4 b3 31. Rb1 b2 32. Nxh6+ gxh6 33. g5 hxg5 34. Qxg5+ Kf8 35. Re5 Qxd4+ 36. Kg2 Ra1 37. Qh6+ Kg8 38. Rg5# 1-0

[Event "RN-2016-0-01212"]
[Site "LSS email"]
[Date "2016.11.08"]
[Round "?"]
[White "Cherry, Brian"]
[Black "Hinestroza, Douglas"]
[Result "1/2-1/2"]
[WhiteElo "447"]
[BlackElo "853"]
[PlyCount "77"]
[EventDate "2016.10.31"]
[EventType "tourn (corr)"]
[EventRounds "6"]
[EventCountry "GER"]
[SourceTitle "Corr 2022"]
[Source "ChessBase"]
[SourceDate "2021.10.24"]
[SourceVersion "1"]
[SourceVersionDate "2021.10.24"]
[SourceQuality "1"]

1. e4 e6 2. Nf3 d5 3. exd5 exd5 4. d4 Bd6 5. b3 Bf5 6. g3 Nf6 7. Be3 0-0 8. Nfd2 h6 9. Be2 Nbd7 10. c4 c6 11. 0-0 Bh3 12. Re1 Re8 13. Bf1 Bxf1 14. Nxf1 Qc7 15. h3 Rad8 16. Nbd2 Ne4 17. Nxe4 Rxe4 18. Nd2 Ree8 19. c5 Be7 20. Qg4 Kh8 21. h4 Nf6 22. Qf4 Qxf4 23. Bxf4 Rc8 24. Nf3 Bf8 25. Be5 Ng4 26. Bf4 Nf6 27. Ne5 g6 28. Re2 Ne4 29. Nxf7+ Kg7 30. Ne5 h5 31. a4 Nf6 32. Rae1 b6 33. Nf3 Rxe2 34. Rxe2 Re8 35. Rxe8 Nxe8 36. Ng5 Kf6 37. Nh7+ Kg7 38. Nxf8 Kxf8 39. Kg2 1/2-1/2

[Event "RN-2016-0-01203"]
[Site "LSS email"]
[Date "2016.10.22"]
[Round "?"]
[White "Venturas, Bob"]
[Black "Hinestroza, Douglas"]
[Result "0-1"]
[WhiteElo "605"]
[BlackElo "859"]
[PlyCount "106"]
[EventDate "2016.10.13"]
[EventType "tourn (corr)"]
[EventRounds "6"]
[EventCountry "GER"]
[SourceTitle "Corr 2022"]
[Source "ChessBase"]
[SourceDate "2021.10.24"]
[SourceVersion "1"]
[SourceVersionDate "2021.10.24"]
[SourceQuality "1"]

1. e4 e6 2. d4 d5 3. Bd3 dxe4 4. Bxe4 Nf6 5. Bf3 Be7 6. Ne2 Nbd7 7. 0-0 0-0 8. a3 c6 9. Nbc3 Qc7 10. Bf4 Qb6 11. b3 Nd5 12. Nxd5 cxd5 13. c4 Nf6 14. c5 Qd8 15. Be5 b6 16. b4 Bb7 17. Rc1 Rc8 18. cxb6 Qxb6 19. Nc3 Ba6 20. Re1 h6 21. Na4 Qb7 22. Nc5 Qc6 23. Qd2 Bc4 24. h3 Qb5 25. Be2 Bxe2 26. Rxe2 Nd7 27. Ree1 Nxe5 28. Rxe5 Bf6 29. Ree1 Rc7 30. a4 Qb6 31. a5 Qb5 32. Kh1 Rfc8 33. Kg1 Be7 34. f4 Bf6 35. Kh2 Kf8 36. g4 Bh4 37. Re3 Be7 38. Qc2 Bf6 39. Rd1 Qxb4 40. Red3 Kg8 41. Rb1 Qxa5 42. Qb2 Bxd4 43. Rxd4 Rxc5 44. Qb7 Rc2+ 45. Kg1 Rc1+ 46. Rd1 Rxd1+ 47. Rxd1 Qc5+ 48. Kh1 Rc7 49. Qb8+ Kh7 50. Qb1+ Qc2 51. Qa1 Qf2 52. Qb1+ Rc2 53. Rd3 Qg2# 0-1

[Event "RN-2016-0-01202"]
[Site "LSS email"]
[Date "2016.10.21"]
[Round "?"]
[White "Evtyugin, Yury Alekseevich"]
[Black "Hinestroza, Douglas"]
[Result "1-0"]
[WhiteElo "927"]
[BlackElo "859"]
[PlyCount "79"]
[EventDate "2016.10.12"]
[EventType "tourn (corr)"]
[EventRounds "6"]
[EventCountry "GER"]
[SourceTitle "Corr 2022"]
[Source "ChessBase"]
[SourceDate "2021.10.24"]
[SourceVersion "1"]
[SourceVersionDate "2021.10.24"]
[SourceQuality "1"]

1. e4 e6 2. d4 d5 3. e5 c5 4. c3 Qb6 5. Nf3 Nc6 6. Be2 cxd4 7. cxd4 Nge7 8. 0-0 Nf5 9. Be3 Nxe3 10. fxe3 Be7 11. b3 0-0 12. Nc3 a6 13. Na4 Qd8 14. a3 Bd7 15. Nc5 Bc8 16. b4 h6 17. b5 Na5 18. a4 b6 19. Nxa6 Nb7 20. Rc1 Na5 21. Nb4 Bb7 22. Nc6 Nxc6 23. bxc6 Bc8 24. Bb5 Ba6 25. Qc2 Bxb5 26. axb5 Qc7 27. Ra1 Rfc8 28. Qb2 Ra7 29. Rxa7 Qxa7 30. Ra1 Qc7 31. Ra6 Rb8 32. Qa2 Bf8 33. Ra7 Qc8 34. Rd7 Ra8 35. Ra7 Rb8 36. Rd7 Ra8 37. Qb2 g6 38. h3 Rb8 39. Kh2 h5 40. Ng5 1-0

[Event "RN-2016-0-01199"]
[Site "LSS email"]
[Date "2016.10.14"]
[Round "?"]
[White "Hinestroza, Douglas"]
[Black "Masek, Lubos"]
[Result "0-1"]
[WhiteElo "877"]
[BlackElo "1000"]
[PlyCount "62"]
[EventDate "2016.10.05"]
[EventType "tourn (corr)"]
[EventRounds "6"]
[EventCountry "GER"]
[SourceTitle "Corr 2022"]
[Source "ChessBase"]
[SourceDate "2021.10.24"]
[SourceVersion "1"]
[SourceVersionDate "2021.10.24"]
[SourceQuality "1"]

1. e4 c5 2. Nf3 d6 3. c3 e6 4. d4 cxd4 5. cxd4 Nc6 6. Bd3 g6 7. Nc3 Bg7 8. Be3 a6 9. a3 Nge7 10. 0-0 0-0 11. Qd2 b5 12. e5 dxe5 13. dxe5 Nxe5 14. Nxe5 Bxe5 15. Bh6 Bg7 16. Bxg7 Kxg7 17. Qe3 Bb7 18. Be4 Bxe4 19. Qxe4 Qc7 20. Rac1 Qa7 21. h3 Rfd8 22. Qe5+ Kg8 23. Ne4 Qd4 24. Qf6 Qxe4 25. Qxe7 Qf5 26. Rc7 Re8 27. Qd6 a5 28. Rd7 Rec8 29. Rd1 e5 30. Rd5 Rc1+ 31. Kh2 Qf4+ 0-1

[Event "RN-2016-0-01199"]
[Site "LSS email"]
[Date "2016.10.14"]
[Round "?"]
[White "Kuttner, Jaromir"]
[Black "Hinestroza, Douglas"]
[Result "0-1"]
[WhiteElo "764"]
[BlackElo "877"]
[PlyCount "33"]
[EventDate "2016.10.05"]
[EventType "tourn (corr)"]
[EventRounds "6"]
[EventCountry "GER"]
[SourceTitle "Corr 2022"]
[Source "ChessBase"]
[SourceDate "2021.10.24"]
[SourceVersion "1"]
[SourceVersionDate "2021.10.24"]
[SourceQuality "1"]

1. e4 e6 2. d4 d5 3. Nc3 dxe4 4. Nxe4 Be7 5. Nf3 Nf6 6. Bd3 Nbd7 7. 0-0 0-0 8. c4 b6 9. a3 Bb7 10. Qc2 Nxe4 11. Bxe4 Bxe4 12. Qxe4 Nf6 13. Qc6 Qd6 14. Qb7 a5 15. Bg5 Rfb8 16. Bf4 Qxf4 17. Qc6 0-1

[Event "RN-2016-0-01180"]
[Site "LSS email"]
[Date "2016.09.09"]
[Round "?"]
[White "Hinestroza, Douglas"]
[Black "Neuhausen, Rainer"]
[Result "0-1"]
[WhiteElo "865"]
[BlackElo "1108"]
[PlyCount "68"]
[EventDate "2016.08.28"]
[EventType "tourn (corr)"]
[EventRounds "6"]
[EventCountry "GER"]
[SourceTitle "Corr 2022"]
[Source "ChessBase"]
[SourceDate "2021.10.24"]
[SourceVersion "1"]
[SourceVersionDate "2021.10.24"]
[SourceQuality "1"]

1. e4 e5 2. Nf3 Nc6 3. d4 exd4 4. Nxd4 Bc5 5. Be3 Bb6 6. Nc3 Nf6 7. Nxc6 bxc6 8. Bd3 d6 9. 0-0 0-0 10. h3 Bb7 11. Qe2 Re8 12. Bxb6 cxb6 13. Rfe1 Qe7 14. Qe3 d5 15. exd5 Qxe3 16. fxe3 cxd5 17. Nb5 Rec8 18. Nd6 Rc7 19. Nxb7 Rxb7 20. Bb5 Rc7 21. Bd3 Ne4 22. Rf1 Nd2 23. Rf4 Re8 24. Re1 Nc4 25. b3 Rxe3 26. bxc4 Rxe1+ 27. Kf2 Re5 28. cxd5 Rxd5 29. Re4 Kf8 30. Kf3 Rcd7 31. Re1 Rxd3+ 32. cxd3 Rxd3+ 33. Re3 Rxe3+ 34. Kxe3 Ke7 0-1

[Event "RN-2016-0-01180"]
[Site "LSS email"]
[Date "2016.09.08"]
[Round "?"]
[White "Hinestroza, Douglas"]
[Black "Vontina, Maria"]
[Result "0-1"]
[WhiteElo "865"]
[BlackElo "767"]
[PlyCount "40"]
[EventDate "2016.08.28"]
[EventType "tourn (corr)"]
[EventRounds "6"]
[EventCountry "GER"]
[SourceTitle "Corr 2022"]
[Source "ChessBase"]
[SourceDate "2021.10.24"]
[SourceVersion "1"]
[SourceVersionDate "2021.10.24"]
[SourceQuality "1"]

1. e4 e6 2. d4 d5 3. e5 c5 4. c3 Nc6 5. Nf3 Qb6 6. Be2 Nge7 7. Na3 a6 8. Nc2 Ng6 9. 0-0 Be7 10. Bg5 Bf8 11. Qc1 h6 12. Bd2 Be7 13. b3 0-0 14. Qb2 Bd7 15. Be3 cxd4 16. cxd4 Rac8 17. Rac1 Rc7 18. h3 Rfc8 19. Nce1 Qa5 20. Nd3 Ba3 0-1

[Event "RN-2016-0-01179"]
[Site "LSS email"]
[Date "2016.09.07"]
[Round "?"]
[White "Kuttner, Jaromir"]
[Black "Hinestroza, Douglas"]
[Result "0-1"]
[WhiteElo "933"]
[BlackElo "865"]
[PlyCount "64"]
[EventDate "2016.08.26"]
[EventType "tourn (corr)"]
[EventRounds "6"]
[EventCountry "GER"]
[SourceTitle "Corr 2022"]
[Source "ChessBase"]
[SourceDate "2021.10.24"]
[SourceVersion "1"]
[SourceVersionDate "2021.10.24"]
[SourceQuality "1"]

1. e4 e6 2. d4 d5 3. Nc3 c6 4. e5 c5 5. Nf3 cxd4 6. Nxd4 a6 7. h4 Bd7 8. Bg5 Ne7 9. Be2 Qc7 10. f4 h6 11. Bxe7 Bxe7 12. Qd2 0-0 13. g4 Nc6 14. 0-0-0 Nxd4 15. Qxd4 Rac8 16. g5 b5 17. Bd3 b4 18. Nb1 a5 19. Rh2 a4 20. b3 axb3 21. axb3 Bb5 22. Bxb5 Qa5 23. Ba4 Rc7 24. Rdd2 Rfc8 25. Rde2 Qa6 26. Qd2 h5 27. Qd4 Bc5 28. Qb2 Ba7 29. Rd2 Qf1+ 30. Rd1 Qxf4+ 31. Rdd2 Be3 32. Rhe2 Qf1+ 0-1

[Event "RN-2016-0-01179"]
[Site "LSS email"]
[Date "2016.09.06"]
[Round "?"]
[White "Hinestroza, Douglas"]
[Black "Lenz, Juergen"]
[Result "0-1"]
[WhiteElo "865"]
[BlackElo "1124"]
[PlyCount "64"]
[EventDate "2016.08.26"]
[EventType "tourn (corr)"]
[EventRounds "6"]
[EventCountry "GER"]
[SourceTitle "Corr 2022"]
[Source "ChessBase"]
[SourceDate "2021.10.24"]
[SourceVersion "1"]
[SourceVersionDate "2021.10.24"]
[SourceQuality "1"]

1. e4 Nf6 2. e5 Nd5 3. d4 d6 4. f4 g6 5. Nf3 Bg7 6. Bd3 dxe5 7. fxe5 Bg4 8. 0-0 0-0 9. Qe2 c5 10. c3 Nc6 11. Qe4 Bf5 12. Qe2 Bxd3 13. Qxd3 cxd4 14. cxd4 Qb6 15. Kh1 Rad8 16. Bg5 h6 17. Bh4 Nf4 18. Qe4 g5 19. Bg3 Ng6 20. Nbd2 e6 21. Nb3 Nce7 22. Rad1 Nd5 23. Rc1 Rc8 24. Nc5 Rc7 25. Qd3 Rfc8 26. Nb3 Rxc1 27. Rxc1 Rxc1+ 28. Nxc1 Qxb2 29. Qd2 Qb1 30. h3 Bf8 31. Kh2 Bb4 32. Qd1 Ba3 0-1

[Event "RN-2016-0-01155"]
[Site "LSS email"]
[Date "2016.07.10"]
[Round "?"]
[White "Hinestroza, Douglas"]
[Black "Masek, Lubos"]
[Result "0-1"]
[WhiteElo "884"]
[BlackElo "1098"]
[PlyCount "60"]
[EventDate "2016.06.28"]
[EventType "tourn (corr)"]
[EventRounds "6"]
[EventCountry "GER"]
[SourceTitle "Corr 2022"]
[Source "ChessBase"]
[SourceDate "2021.10.24"]
[SourceVersion "1"]
[SourceVersionDate "2021.10.24"]
[SourceQuality "1"]

1. e4 c5 2. Nf3 d6 3. c3 Bd7 4. d4 cxd4 5. cxd4 e6 6. Nc3 Nc6 7. Bd3 h6 8. 0-0 Nf6 9. a3 Be7 10. h3 0-0 11. Bf4 a6 12. Re1 b5 13. Rc1 Rc8 14. Qe2 Na5 15. Bc2 Bc6 16. Qd3 Nc4 17. Rb1 d5 18. e5 Ne4 19. Qe2 Nxc3 20. bxc3 Nxa3 21. Qd3 Nxc2 22. Qxc2 Bb7 23. Qd3 Rc6 24. Nh2 Qd7 25. Qg3 Kh8 26. Bd2 Rfc8 27. Rbc1 Ba3 28. Rc2 b4 29. c4 Rxc4 30. Rxc4 dxc4 0-1

[Event "RN-2016-0-01155"]
[Site "LSS email"]
[Date "2016.07.09"]
[Round "?"]
[White "Hinestroza, Douglas"]
[Black "Raines, David T"]
[Result "0-1"]
[WhiteElo "884"]
[BlackElo "1075"]
[PlyCount "76"]
[EventDate "2016.06.28"]
[EventType "tourn (corr)"]
[EventRounds "6"]
[EventCountry "GER"]
[SourceTitle "Corr 2022"]
[Source "ChessBase"]
[SourceDate "2021.10.24"]
[SourceVersion "1"]
[SourceVersionDate "2021.10.24"]
[SourceQuality "1"]

1. e4 c5 2. Nf3 d6 3. c3 Nf6 4. Qc2 g6 5. d4 Bg7 6. Be2 0-0 7. 0-0 Nc6 8. Bf4 Qb6 9. Qd2 Nxe4 10. Qc1 Bg4 11. dxc5 Nxc5 12. Bh6 Bxf3 13. Bxf3 Nd3 14. Qd2 Qxb2 15. Qxb2 Nxb2 16. Bxg7 Kxg7 17. Nd2 Nd3 18. Be2 Nde5 19. Nf3 Rab8 20. h3 Rfc8 21. Rfc1 Nd7 22. Nd4 Nb6 23. Nf3 Na5 24. Kf1 Rc5 25. Rc2 Rbc8 26. Rac1 Na4 27. c4 Nb6 28. Nd2 d5 29. Nb3 Nxb3 30. axb3 a5 31. Bd3 dxc4 32. Bxc4 e6 33. Ke2 Nxc4 34. Rxc4 Rxc4 35. Rxc4 Rxc4 36. bxc4 Kf6 37. Ke3 e5 38. Ke4 Ke6 0-1

[Event "RN-2016-0-01149"]
[Site "LSS email"]
[Date "2016.06.22"]
[Round "?"]
[White "Neumann, Frank"]
[Black "Hinestroza, Douglas"]
[Result "0-1"]
[WhiteElo "431"]
[BlackElo "845"]
[PlyCount "38"]
[EventDate "2016.06.10"]
[EventType "tourn (corr)"]
[EventRounds "6"]
[EventCountry "GER"]
[SourceTitle "Corr 2022"]
[Source "ChessBase"]
[SourceDate "2021.10.24"]
[SourceVersion "1"]
[SourceVersionDate "2021.10.24"]
[SourceQuality "1"]

1. d4 d5 2. c4 c6 3. c5 Nf6 4. Nf3 e6 5. e3 Be7 6. Be2 Nbd7 7. 0-0 0-0 8. Nc3 b6 9. cxb6 axb6 10. a3 Ba6 11. Bxa6 Rxa6 12. b4 Ra8 13. Qd3 Qc7 14. b5 c5 15. dxc5 Bxc5 16. a4 Ne5 17. Nxe5 Qxe5 18. Rb1 Bd6 19. Bb2 Qxh2# 0-1

[Event "RN-2016-0-01145"]
[Site "LSS email"]
[Date "2016.06.10"]
[Round "?"]
[White "Czaban, Tomasz"]
[Black "Hinestroza, Douglas"]
[Result "1/2-1/2"]
[WhiteElo "1004"]
[BlackElo "878"]
[PlyCount "41"]
[EventDate "2016.05.29"]
[EventType "tourn (corr)"]
[EventRounds "6"]
[EventCountry "GER"]
[SourceTitle "Corr 2022"]
[Source "ChessBase"]
[SourceDate "2021.10.24"]
[SourceVersion "1"]
[SourceVersionDate "2021.10.24"]
[SourceQuality "1"]

1. e4 e6 2. d4 d5 3. exd5 exd5 4. Nc3 Nf6 5. Be2 Bd6 6. Nf3 Bf5 7. h3 h6 8. Bd3 Bxd3 9. Qxd3 0-0 10. 0-0 c6 11. Re1 Nbd7 12. Ne5 Qc7 13. Nxd7 Qxd7 14. a3 Rfe8 15. Bd2 Rad8 16. Rxe8+ Rxe8 17. Re1 Rxe1+ 18. Bxe1 Qe6 19. Qe2 Kf8 20. Qxe6 fxe6 21. Bd2 1/2-1/2

[Event "RN-2016-0-01145"]
[Site "LSS email"]
[Date "2016.06.10"]
[Round "?"]
[White "Garcia, Javier"]
[Black "Hinestroza, Douglas"]
[Result "0-1"]
[WhiteElo "798"]
[BlackElo "878"]
[PlyCount "64"]
[EventDate "2016.05.29"]
[EventType "tourn (corr)"]
[EventRounds "6"]
[EventCountry "GER"]
[SourceTitle "Corr 2022"]
[Source "ChessBase"]
[SourceDate "2021.10.24"]
[SourceVersion "1"]
[SourceVersionDate "2021.10.24"]
[SourceQuality "1"]

1. e4 e6 2. d4 d5 3. e5 c5 4. c3 Qb6 5. Qb3 Qxb3 6. axb3 cxd4 7. Bb5+ Bd7 8. Bxd7+ Nxd7 9. cxd4 a6 10. Nf3 Ne7 11. Bg5 Ng6 12. Nc3 Bb4 13. 0-0 0-0 14. h4 h6 15. Bd2 Rac8 16. Ra4 Be7 17. Rfa1 Nb6 18. R4a2 Rc7 19. h5 Nh4 20. Nxh4 Bxh4 21. g3 Be7 22. Na4 Nd7 23. Kg2 Rfc8 24. b4 Rc4 25. Bc3 Bxb4 26. Bxb4 Rxb4 27. Rd1 Rc2 28. Nc5 Nxc5 29. dxc5 Rxc5 30. Rd2 Rc7 31. f4 Rbc4 32. b4 Rxb4 0-1

[Event "RN-2016-0-01135"]
[Site "LSS email"]
[Date "2016.05.13"]
[Round "?"]
[White "Hinestroza, Douglas"]
[Black "Venturas, Bob"]
[Result "1-0"]
[WhiteElo "845"]
[BlackElo "591"]
[PlyCount "87"]
[EventDate "2016.05.02"]
[EventType "tourn (corr)"]
[EventRounds "6"]
[EventCountry "GER"]
[SourceTitle "Corr 2022"]
[Source "ChessBase"]
[SourceDate "2021.10.24"]
[SourceVersion "1"]
[SourceVersionDate "2021.10.24"]
[SourceQuality "1"]

1. e4 e5 2. Nf3 d6 3. d4 h6 4. dxe5 Bg4 5. exd6 Bxf3 6. Qxf3 Qxd6 7. Bd3 a6 8. Nc3 Nc6 9. Bf4 Qb4 10. 0-0 Bd6 11. Bxd6 Qxd6 12. Nd5 0-0-0 13. Qxf7 Rd7 14. Qh5 Ne5 15. Be2 g6 16. Qh3 h5 17. Rad1 Qc6 18. Qg3 Qd6 19. Qg5 Rf7 20. a3 Nf6 21. Nxf6 Qxf6 22. Qe3 Rhf8 23. Qa7 c6 24. Qb6 h4 25. h3 g5 26. b4 Nd7 27. Bg4 Rd8 28. c4 Kb8 29. Bxd7 Rfxd7 30. Rde1 Qc3 31. Qe3 Qxc4 32. Qxg5 Rh7 33. Qxd8+ Ka7 34. e5 Qe6 35. Qd6 Re7 36. Qxe6 Rxe6 37. Re4 Kb6 38. Rfe1 Kb5 39. R1e3 b6 40. Rxh4 c5 41. bxc5 Kxc5 42. Rhe4 Kd5 43. Kf1 b5 44. Ke2 1-0

[Event "RN-2016-0-01130"]
[Site "LSS email"]
[Date "2016.04.29"]
[Round "?"]
[White "Hinestroza, Douglas"]
[Black "Pocol, Horacio"]
[Result "0-1"]
[WhiteElo "838"]
[BlackElo "969"]
[PlyCount "70"]
[EventDate "2016.04.19"]
[EventType "tourn (corr)"]
[EventRounds "6"]
[EventCountry "GER"]
[SourceTitle "Corr 2022"]
[Source "ChessBase"]
[SourceDate "2021.10.24"]
[SourceVersion "1"]
[SourceVersionDate "2021.10.24"]
[SourceQuality "1"]

1. e4 e5 2. Nf3 Qf6 3. d4 Bd6 4. dxe5 Bxe5 5. Nxe5 Qxe5 6. Nc3 Nf6 7. Bd3 d5 8. 0-0 Ng4 9. g3 Qh5 10. h4 c6 11. exd5 cxd5 12. Nb5 Kd8 13. Bf4 Na6 14. Nd6 Nc7 15. Nxc8 Rxc8 16. Be2 f5 17. c4 Qf7 18. Bxc7+ Rxc7 19. cxd5 Rc5 20. Bxg4 fxg4 21. Qxg4 Re8 22. Rad1 Re5 23. d6 h5 24. Qd4 Red5 25. Qa4 Ra5 26. Qc2 Rf5 27. d7 Rac5 28. Qe4 Rc7 29. a3 g6 30. Qa4 a6 31. Qd4 Rxd7 32. Qb6+ Kc8 33. Rc1+ Kb8 34. Rc6 Rb5 35. Rf6 Rxb6 0-1

[Event "RN-2016-0-01125"]
[Site "LSS email"]
[Date "2016.04.18"]
[Round "?"]
[White "Amuso, Jose Alberto"]
[Black "Hinestroza, Douglas"]
[Result "1-0"]
[WhiteElo "750"]
[BlackElo "876"]
[PlyCount "33"]
[EventDate "2016.03.31"]
[EventType "tourn (corr)"]
[EventRounds "6"]
[EventCountry "GER"]
[SourceTitle "Corr 2022"]
[Source "ChessBase"]
[SourceDate "2021.10.24"]
[SourceVersion "1"]
[SourceVersionDate "2021.10.24"]
[SourceQuality "1"]

1. d4 d5 2. c4 c6 3. c5 Nf6 4. Nc3 e6 5. Bf4 Be7 6. Bxb8 Rxb8 7. Nf3 0-0 8. e3 b6 9. Ne5 Bb7 10. cxb6 axb6 11. Bd3 c5 12. Bb5 Qc7 13. 0-0 c4 14. Ba4 Ba8 15. Nb5 Qc8 16. Nc3 Nd7 17. Nxd7 1-0